| 000 | 00915nam a22002177a 4500 | ||
|---|---|---|---|
| 005 | 20250623170309.0 | ||
| 010 | _aB-768329-343 BACEN25 | ||
| 020 |
_c425.00 _a9789359986296 |
||
| 035 | _aB-768329-343 | ||
| 037 | _bpragati | ||
| 082 | _a574 | ||
| 100 |
_aGoel, Parul _982235 |
||
| 245 |
_aArihant's 37 Years NEET: _bBiology- chapterwise-topicwise solution(2024-1988)/ _cby Parul goel, Rakhi bisht |
||
| 260 |
_aNew Delhi _bArihant Publications _c2024 |
||
| 270 |
_aRamchhaya 4577/15, Agarwal Road,Darya Ganj, _bNew Delhi _e110002 |
||
| 300 |
_a402p. _c28cm(pbk) |
||
| 500 | _achapterwise-topicwise-2024-1990 | ||
| 700 |
_abisht , Rakhi _977854 |
||
| 942 |
_2ddc _cEN _h574 _mGOE |
||
| 999 |
_c209255 _d209255 |
||